Assegurances de vehicles /
Descripción Física:
25 p. ; 21 cm
Colección:
Consum (Barcelona (Catalunya : Província). Diputació)
; 22
Idioma:
Catalán
MARC
| LEADER | 00000nam a2200000Ia 4500 | ||
|---|---|---|---|
| 001 | 12381 | ||
| 003 | Arxiu | ||
| 005 | 20260324175246.0 | ||
| 008 | 160829s2000 spc xx s cat c | ||
| 040 | |a AGDB | ||
| 041 | |a cat | ||
| 080 | |a FU-14-21 | ||
| 100 | 1 | |a Vidal Quirante, Marta |9 23592 | |
| 245 | 1 | 0 | |a Assegurances de vehicles / |c Marta Vidal Quirante |
| 260 | |a Barcelona : |b Diputació de Barcelona. Servei de Salut Pública i Consum, |c 2000 | ||
| 300 | |a 25 p. ; |c 21 cm | ||
| 490 | 1 | |a Consum ; |v 22 | |
| 650 | |a Assegurances d'automòbils |x Dret i legislació |x Espanya |9 23593 | ||
| 710 | |a Barcelona (Catalunya : Província). |b Servei de Salut Pública i Consum |9 8151 | ||
| 830 | 0 | |9 56020 |a Consum (Barcelona (Catalunya : Província). Diputació) |v 22 | |
| 901 | |a Arxiu | ||
| 942 | |n 1 |2 udc |c ARXIU | ||
| 952 | |0 0 |1 0 |4 0 |6 FU1421 |7 1 |9 42768 |a Arxiu |b Arxiu |d 2016-12-01 |l 0 |o FU-14-21 |p 12381 |r 2016-12-01 00:00:00 |w 2016-12-01 |y ARXIU | ||
| 999 | |c 45274 |d 45274 | ||